00421nam a22001577a 4500003000400000005001700004008004100021020001800062040000800080082001700088084002500105100001800130245007200148260003300220300001000253OSt20260423112858.0260423b |||||||| |||| 00| 0 eng d a9789370335233 ckul a954.0072 SUD 2Colon Classification aSudeshna Guha aArtefacts of History:bArchaeology, historiography and Indian Pasts aDelhi,bPrimus Books,c2026. a468p.